000 01354nam a2200337 i 4500
003 EG-GICUC
005 20260121101444.0
008 251209s1996 ua ||||fr|||| 00| 0 ara d
017 _a1996/2876
020 _a977-200-140-3
040 _a EG-GICUC
_bara
_c EG-GICUC
_d EG-GICUC
_erda
041 0 _aara
082 0 4 _221
_a343.5
_bع ب , ق
092 0 4 _221
099 _aLaw 1 10 343.5 ع ب , ق 2000
100 0 _aعبد الرحيم صدقي
_eمؤلف.
245 1 2 _aالقانون الجنائي الدولي :
_b / نحو تنظيم جنائي عالمي ( دارسة في المفهوم - الاختصاص - الجريمة - العقوبة والقضاء )
_cدكتور عبد الرحيم صدقي
264 1 _aالقاهرة :
_bمكتبة النهضة المصرية ,
_c2000.
300 _a119 ؛ صفحة
_bإيضاحيات، صور، مثيليات ؛
_c24 سم
336 _2rda content
_atext
337 _2rda media
_aComputer
338 _2rda carrier
_aOnline Resource
504 _a. 240-220 ببليوجرافيا: صفحات.
546 _aالنص باللغة العربية
650 1 4 _aالقانون الجنائي الدولي
_2qrmak
650 1 4 _aالقانون الجنائي
651 1 _2qrmak
856 4 0 _uhttps://fll.law.cu.edu.eg/fulltext/bks/B10-06704.pdf
905 _a5
942 _2ddc
_cBK
_e21
_n0
999 _c49277
_d49277